[Event "Charleroi op"]
[Site "Roux"]
[Date "2019.07.30"]
[Round "5"]
[White "Oupindrin, Narayanin"]
[Black "Denivet, Axel"]
[Result "1/2-1/2"]
[WhiteElo "2056"]
[BlackElo "1932"]
[PlyCount "86"]
[EventDate "2019.07.27"]
[EventType "swiss"]
[EventRounds "9"]
[EventCountry "BEL"]
[SourceTitle "CBM 191 Extra"]
[Source "ChessBase"]
[SourceDate "2019.09.30"]
[SourceVersion "1"]
[SourceVersionDate "2019.09.30"]
[SourceQuality "1"]

1. e4 e5 2. Nf3 Nc6 3. Bb5 a6 4. Ba4 Nf6 5. 0-0 d6 6. d4 b5 7. dxe5 Nxe5 8. Nxe5 bxa4 9. Nf3 Be7 10. Nc3 0-0 11. e5 Ng4 12. exd6 Bxd6 13. Ne4 Nxh2 14. Nxd6 Nxf1 15. Kxf1 cxd6 16. Bf4 Qf6 17. Qd4 Qxd4 18. Nxd4 d5 19. Re1 Bd7 20. Re7 Bb5+ 21. Kg1 Rfe8 22. Rb7 Re4 23. Be3 Rae8 24. c3 Bc4 25. a3 g6 26. Nc6 f5 27. Bd4 R4e6 28. Rg7+ Kf8 29. Rc7 Bb5 30. Bc5+ Kg8 31. Ne7+ R8xe7 32. Rxe7 Rxe7 33. Bxe7 Kf7 34. Bc5 Ke6 35. f4 d4 36. cxd4 Kd5 37. Kf2 Kc4 38. Ke3 Bc6 39. g3 Bd5 40. Bb4 Kb3 41. Bc3 Kc2 42. Ke2 Bc4+ 43. Ke3 Kd1 1/2-1/2

[Event "Charleroi op"]
[Site "Charleroi"]
[Date "2015.08.01"]
[Round "1"]
[White "Denivet, Axel"]
[Black "Sclacmender, Julien"]
[Result "0-1"]
[WhiteElo "1838"]
[BlackElo "2209"]
[PlyCount "90"]
[EventDate "2015.08.01"]
[EventType "swiss"]
[EventRounds "9"]
[EventCountry "BEL"]
[SourceTitle "CBM 167 Extra"]
[Source "ChessBase"]
[SourceDate "2015.09.14"]
[SourceVersion "1"]
[SourceVersionDate "2015.09.14"]
[SourceQuality "1"]

1. e4 d5 2. exd5 Nf6 3. d4 Bg4 4. Be2 Bxe2 5. Qxe2 Qxd5 6. Nf3 Nc6 7. Nc3 Qf5 8. 0-0 0-0-0 9. Be3 e6 10. a3 Bd6 11. b4 Qh5 12. Nb5 Bxh2+ 13. Kh1 a6 14. Nc3 Be5+ 15. Kg1 Nxd4 16. Bxd4 Bxd4 17. Nxd4 Rxd4 18. Qxh5 Nxh5 19. Na4 Nf4 20. g3 Ng6 21. Nc5 h5 22. c3 Rc4 23. Rac1 h4 24. Kg2 Rg4 25. Rcd1 Rg5 26. Rd4 e5 27. Rd2 hxg3 28. fxg3 Nh4+ 29. Kf2 Rf5+ 30. Ke2 Rxf1 31. Kxf1 Nf5 32. Kg2 Nd6 33. a4 f5 34. Rd1 e4 35. Rd5 g6 36. Re5 Re8 37. Rxe8+ Nxe8 38. g4 Nf6 39. gxf5 gxf5 40. Kg3 Nd5 41. c4 Nxb4 42. Kf4 Nd3+ 43. Nxd3 exd3 44. Ke3 Kd7 45. Kxd3 Kc6 0-1

[Event "BEL-chT 1314"]
[Site "Belgium"]
[Date "2014.01.26"]
[Round "8.7"]
[White "Tuncer, Ufuk"]
[Black "Denivet, Axel"]
[Result "1-0"]
[WhiteElo "2317"]
[BlackElo "1948"]
[PlyCount "51"]
[EventDate "2013.09.22"]
[EventType "team-tourn"]
[EventRounds "11"]
[EventCountry "BEL"]
[SourceTitle "EXT 2015"]
[Source "ChessBase"]
[SourceDate "2014.11.20"]
[SourceVersion "1"]
[SourceVersionDate "2014.11.20"]
[SourceQuality "1"]
[WhiteTeam "Wirtzfeld"]
[BlackTeam "Charleroi CREC"]
[WhiteTeamCountry "BEL"]
[BlackTeamCountry "BEL"]

1. e4 e5 2. Nf3 Nc6 3. Bc4 Nf6 4. Ng5 d5 5. exd5 b5 6. Bf1 Nd4 7. c3 Nf5 8. Bxb5+ Bd7 9. Qa4 Bd6 10. Bxd7+ Nxd7 11. d3 0-0 12. Qg4 g6 13. Qh3 Nf6 14. g4 Ne7 15. Nd2 Nexd5 16. Nde4 h5 17. Rg1 Kg7 18. gxh5 Nxh5 19. Ne6+ fxe6 20. Qxh5 Rf6 21. Qh6+ Kf7 22. Qh7+ Ke8 23. Bg5 Be7 24. Bxf6 Nxf6 25. Nxf6+ Bxf6 26. Rxg6 1-0

[Event "BEL-chT 1314"]
[Site "Belgium"]
[Date "2013.12.15"]
[Round "6.7"]
[White "Becker, Marcel"]
[Black "Denivet, Axel"]
[Result "1-0"]
[WhiteElo "2402"]
[BlackElo "1948"]
[PlyCount "71"]
[EventDate "2013.09.22"]
[EventType "team-tourn"]
[EventRounds "11"]
[EventCountry "BEL"]
[SourceTitle "EXT 2015"]
[Source "ChessBase"]
[SourceDate "2014.11.20"]
[SourceVersion "1"]
[SourceVersionDate "2014.11.20"]
[SourceQuality "1"]
[WhiteTeam "Eynatten"]
[BlackTeam "Charleroi CREC"]
[WhiteTeamCountry "BEL"]
[BlackTeamCountry "BEL"]

1. d4 Nf6 2. c4 e6 3. Nc3 Bb4 4. e3 c5 5. Bd3 Nc6 6. Nf3 0-0 7. 0-0 d5 8. a3 Ba5 9. cxd5 exd5 10. dxc5 Bxc3 11. bxc3 Bg4 12. c4 dxc4 13. Bxc4 Qe7 14. Qd6 Qxd6 15. cxd6 Ne4 16. Bd5 Nxd6 17. Bxc6 bxc6 18. Ne5 Be2 19. Re1 Bb5 20. a4 Nc4 21. Nd3 Ba6 22. Nc5 Bc8 23. e4 Rb8 24. Bf4 Rb4 25. Rab1 Rxb1 26. Rxb1 f6 27. Rb4 Rd8 28. h3 Ne5 29. Bxe5 fxe5 30. Rb8 Rd1+ 31. Kh2 Rd8 32. Ra8 Rf8 33. f3 a6 34. a5 Kf7 35. Ra7+ Kf6 36. Rc7 1-0

[Event "Charleroi op"]
[Site "Charleroi"]
[Date "2010.08.03"]
[Round "5"]
[White "Mastalerz, Xavier"]
[Black "Denivet, Axel"]
[Result "1-0"]
[WhiteElo "2120"]
[BlackElo "1904"]
[PlyCount "77"]
[EventDate "2010.07.31"]
[EventType "swiss"]
[EventRounds "9"]
[EventCountry "BEL"]
[SourceTitle "CBM 137 Extra"]
[Source "ChessBase"]
[SourceDate "2010.09.01"]
[SourceVersion "1"]
[SourceVersionDate "2010.09.01"]
[SourceQuality "1"]

1. Nf3 d5 2. d4 Nf6 3. e3 c5 4. c3 cxd4 5. exd4 Nc6 6. Bd3 Bg4 7. Nbd2 e6 8. 0-0 Bd6 9. Re1 Qc7 10. Nf1 0-0 11. Bg5 Nd7 12. Bh4 e5 13. Bxh7+ Kh8 14. dxe5 Ndxe5 15. Bc2 d4 16. Be4 dxc3 17. bxc3 Bh5 18. Ng3 Bg4 19. h3 Bxf3 20. Bxf3 Ng6 21. Nf5 Nxh4 22. Nxh4 Rad8 23. Bd5 g6 24. c4 Be5 25. Rb1 Bg7 26. Qg4 Ne5 27. Qg5 b6 28. Rbd1 Kh7 29. f4 Rxd5 30. cxd5 Qc5+ 31. Kh1 Nc4 32. f5 Qd6 33. fxg6+ fxg6 34. Re6 Qf4 35. Qxg6+ Kg8 36. Re7 Qf6 37. Qxf6 Bxf6 38. Re4 Nd6 39. Rg4+ 1-0